01773nam a2200289 a 450000100100000000500170001000800410002702000180006804000250008608200270011110000400013824501560017826000350033430000360036950505760040559000260098165100540100765100390106165100570110065000420115765100420119965100280124170000340126991000380130395201250134199900170146600004376520201002044946.0140423s2013 dr ac r 001 0 spa d a9781477415474 aDO-SdBNPbspacBNPHU a341.42729307294bF316p1 aFéliz-Sánchez, Danilo A.93622813aEl protocolo de la miel y la frontera dominico-haitiana :bnotas para la historia de la frontera /cDanilo A. Féliz Sánchez, Arturo Félix Camilo. a[Santo Domingo :bs.n],c2013. a378 p. :bil., retrs. ;c24 cm.0 tLa isla en tiempos de Ovando --tOrígenes de la República de Haití --tNotas al origen de las Naciones de la Hispaniola --tDistorsiones respecto a la historia dominico-haitiana --tEl protocolo de la Miel. Antecedentes --tEl trazado fronterizo de San Miguel de la Atalaya --tEl protocolo de la Miel. Origen y naturaleza --tEl protocolo de la Miel. Controversias, conflictos y consideraciones jurídicas --tEl territorio. Teorías jurídicas sobre la posesión legítima del territorio de la Hispaniola --tLa convivencia final y el futuro en el siglo XXI. aInventariado, 2018/BT 4aRepública DominicanavLÍMITESxHistoria99547 4aHaitívLÍMITESxHistoria99548 4aRepública DominicanaxIncidentes Fronterizos98407 4aHaitíxIncidentes fronterizos99549 4aRepública DominicanaxHistoria9170 4aHaitíxHistoria9841812aFéliz-Camilo, Arturo971600 aValidado. Control de calidad. EMS 0010718PDaPDbPDcHDd2014-04-23iLF1l0o341.42729307294 F316pp43765-10r2020-06-25w2020-06-25yLFPDZNo se presta c43254d43254